| 000 | 00429nam a22001337a 4500 | ||
|---|---|---|---|
| 999 |
_c66668 _d66665 |
||
| 082 | _aR/IMS-20 | ||
| 100 |
_aAsif Ali _a14MPE02 |
||
| 245 | _aInvestigation of Advanced Control for the Unified Power Flow Controller UPFC to Improve The Performance of Power Sytem | ||
| 260 |
_aNawabshah _bQUEST _c2019 |
||
| 300 | _a62 | ||
| 700 | _aDepartment of Electrical Engineering | ||
| 856 | _uhttps://tinyurl.com/mrj9t672 | ||
| 942 | _cTHESIS | ||